000 00615cam a2200193 4500500
005 20260405003840.0
041 _afre
042 _adc
100 1 0 _aPerragin, Charles
_eauthor
245 0 0 _a“Neuf Mois”, de Philippe Garnier : le roman du mois chroniqué par Arthur Dreyfus
260 _c2024.
500 _a81
690 _aAmour
690 _aArthur Dreyfus
690 _aMariage
690 _aMort
786 0 _nPhilosophie magazine | 180 | 6 | 2024-06-01 | p. 60-60 | 1951-1787
856 4 1 _uhttps://shs.cairn.info/magazine-philosophie-magazine-2024-6-page-60?lang=fr&redirect-ssocas=7080
999 _c2071422
_d2071422